Statistics for Countries Ending in N

Click here to take the quiz!

General Stats

  • This quiz has been taken 85 times
    (75 since last reset)
  • The average score is 20 of 25

Answer Stats

country% Correct
Afghanistan
97%
Turkmenistan
94%
Pakistan
91%
Tajikistan
91%
Iran
90%
Kazakhstan
90%
Uzbekistan
88%
Japan
85%
Yemen
85%
Kyrgyzstan
84%
Jordan
82%
Oman
82%
Benin
81%
Spain
79%
Sweden
79%
Azerbaijan
78%
Bhutan
76%
Lebanon
75%
Sudan
74%
South Sudan
71%
Bahrain
68%
Liechtenstein
65%
Taiwan
65%
Cameroon
60%
Gabon
54%

Score Distribution

Percentile by Number Answered

Percent of People with Each Score

Your Score History

You have not taken this quiz since the last reset